Welcome to CU Library Online Public Access Catalogue (OPAC)

Strategy : (Record no. 4443)

MARC details
000 -LEADER
fixed length control field 00677cam a22002174a 4500
001 - CONTROL NUMBER
control field 12798415
005 - DATE AND TIME OF LATEST TRANSACTION
control field 20250228173038.0
008 - FIXED-LENGTH DATA ELEMENTS--GENERAL INFORMATION
fixed length control field 020601s2003 njua b 001 0 eng
020 ## - INTERNATIONAL STANDARD BOOK NUMBER
International Standard Book Number 0130083607 (pbk.)
050 00 - LIBRARY OF CONGRESS CALL NUMBER
Classification number HD38.2
Item number .D425 2003
082 00 - DEWEY DECIMAL CLASSIFICATION NUMBER
Classification number 658.4/012
Edition information 21
100 1# - MAIN ENTRY--PERSONAL NAME
Personal name De Kluyver, Cornelis A.
245 10 - TITLE STATEMENT
Title Strategy :
Remainder of title a view from the top /
Statement of responsibility, etc. Cornelis A. de Kluyver, John A. Pearce II ; foreword by Peter F. Drucker.
260 ## - PUBLICATION, DISTRIBUTION, ETC.
Place of publication, distribution, etc. Upper Saddle River, N.J. :
Name of publisher, distributor, etc. Prentice Hall,
Date of publication, distribution, etc. c2003.
300 ## - PHYSICAL DESCRIPTION
Extent xvii, 142 p. :
Other physical details ill. ;
Dimensions 24 cm.
650 #0 - SUBJECT ADDED ENTRY--TOPICAL TERM
Topical term or geographic name entry element Executives.
650 #0 - SUBJECT ADDED ENTRY--TOPICAL TERM
Topical term or geographic name entry element Leadership.
650 #0 - SUBJECT ADDED ENTRY--TOPICAL TERM
Topical term or geographic name entry element Management.
700 1# - ADDED ENTRY--PERSONAL NAME
Personal name Pearce, John A.
942 ## - ADDED ENTRY ELEMENTS (KOHA)
Source of classification or shelving scheme Library of Congress Classification
Koha item type Books
Suppress in OPAC No
999 ## -
-- 4443
-- 4443
Holdings
Withdrawn status Lost status Source of classification or shelving scheme Damaged status Not for loan Collection Home library Current library Shelving location Date acquired Total checkouts Full call number Barcode Date last seen Copy number Price effective from Koha item type
    Library of Congress Classification     Non-fiction Undergraduate Library (Christ Temple) Undergraduate Library (Christ Temple) General stacks 02/28/2025   HD38.2 DEK ulct00001465 02/28/2025 1 02/28/2025 Books
    Library of Congress Classification     Non-fiction Undergraduate Library (Christ Temple) Undergraduate Library (Christ Temple) General stacks 02/28/2025   HD38.2 DEK ulct00001466 02/28/2025 2 02/28/2025 Books
© 2023-2024 Copyright: Central University Libraries. All Rights Reserved | Created by: Mahone Tech Office